000 01036nam a2200217 a 4500
005 20220831103822.0
008 040216s1997 mx r 000 0 spa d
020 _a847030450X
035 _aUPN01000131877
049 _aCG
050 4 _aBF173 F8.5
_bC6.7
245 0 0 _aCorrespondencia de Freud :
_bedición crítica establecida por órden cronológico /
_ced. Nicolás Caparrós.
260 _aMadrid :
_bBiblioteca nueva,
_c1997.
300 _a6 v.
440 0 _aQuipú Grupo de Psicoterapia
500 _aLa biblioteca tiene los vols.1-4
505 8 _aContenido:
_gv.1.
_t1871-1866 : la prehistoria del psicoánalisis --
_gv.2.
_t1887-1908 : el descubrimiento de inconsciente --
_gv.3.
_t1909-1914 : espansión. La internacional psicoanalítica --
_gv.4.
_t1914-1925 : la gran guerra. Consolidación --
_gv.5.
_t1926-1933 : el ocaso de una época --
_gv.6.
_t1934-1939 : los últimos años
600 1 4 _aFreud, Sigmund,
_d1856-1939
_vCorrespondencia, memorias, etc.
_922248
700 1 _aCaparrós, Nicolás
_eed.
_928649
905 _aLibro
999 _c104032
_d104032